Norway or Sweden - Statistics

General Stats
  • This quiz has been taken 464 times
  • The average score is 12 of 15
Answer Stats
Question Answer % Correct
Capital is Stockholm Sweden
100%
Famous for their fjords Norway
98%
Contains blue on their flag Both
96%
Has more farmable land Sweden
96%
Is a Monarchy Both
93%
Occupied by Nazi Germany in WWII Norway
93%
Is not in the EU Norway
91%
Longer coastline Norway
91%
Higher population density Sweden
91%
Larger land area Sweden
82%
Highest Human Development Index (HDI) Norway
69%
Hosted the 1952 Winter Olympics in their capital Norway
60%
Fights for the title of "World's Largest Moose" Norway
42%
Higher GDP Sweden
33%
Has a city of more than 1,000,000 people Both
20%
No matching quizzes found
Score Distribution
Percent of People with Each Score
Percentile by Number Answered
Your Score History
You have not taken this quiz